Приказ № 007/оп командующего 38-й армией 4-го Украинского фронта командиру 101-го стрелкового корпуса о быстром выдвижении в рай...

RUSMARC
00005360cbm0a2200337#x 450
0013c090078-507b-47e8-9a59-4bddd89886d4
00520250430105037.0
100##$a20250429j19450507k###0rusy50 ca
1010#$arus
102##$aRU
1220#$ad19450507##
2001#$aПриказ № 007/оп командующего 38-й армией 4-го Украинского фронта командиру 101-го стрелкового корпуса о быстром выдвижении в район г. Прага
$j7 мая 1945 г.
251##$cДокумент
300##$aЗаверенная копия
461#0$12001
$aФ. 993
$1251
$cФонд
$1852
$j993
462#0$12001
$aОп. 1
$1251
$cОпись
$1852
$j1
462#0$12001
$aД. 128
$vЛ. 38-39
$1251
$cДело
$1852
$j128
60102$2prlib_sh
$3LIBNET\UAF\0000057822
$aУкраинский фронт
$c4; 1943 - 1945
$jДокументы и материалы
605##$2prlib_sh
$3LIBNET\UAF\0000088514
$aВторая мировая война в архивных документах (Комплекс оцифрованных архивных документов, кино- и фотоматериалов)
$lколлекция
605##$2acquisition_Prlib
$3DITM\AF\0000002775
$aВласть
$lколлекция
605##$2acquisition_Prlib
$3DITM\AF\0000003834
$aНарод
$lколлекция
6061#$2nlr_sh
$3RU\NLR\AUTH\661520861
$aВеликая Отечественная война
$z1941 - 1945
$zТретий период
$z1944 - 1945
$jДокументы и материалы
6061#$2nlr_sh
$3RU\NLR\AUTH\66178943
$aПражская операция
$z1945
$jДокументы и материалы
617##$aЧехословакия
$f1945
$2prlib_sh
686##$a63.3(2)622,13ю1
$2rubbk
$vLBC/M
686##$a63.3(4Чея)62ю1
$2rubbk
$vLBC/M
801#0$aRU
$bПБ им. Б.Н. Ельцина
$c20250429
801#1$aRU
$bПБ им. Б.Н. Ельцина
$c20250429
$2rusmarc
801#2$aRU
$bПБ им. Б.Н. Ельцина
$c20250430
$2rusmarc
850##$aЦентральный архив Министерства обороны Российской Федерации
852##$aЦА МО РФ
$jЛ. 38-39
035##$aLIBNET\0001470754
937##$d196712089
$hФедеральное архивное агентство
8564#$uhttp://readingroom.main.prlib.ru/item.aspx?id_node=n196712089&mode=full
Формат отображения